| 000 | 00473 a2200157 4500 | ||
|---|---|---|---|
| 999 |
_c1806 _d1806 |
||
| 020 | _a0816491321 | ||
| 050 | _aLB 880 FRE 1970 | ||
| 100 |
_aFreire, Paulo _eAuthor |
||
| 245 |
_aPedagogy of the opressed / _cPaulo Freire |
||
| 264 |
_aNew York: _bContinum-The Seabury Press, _c1970 |
||
| 300 | _a186p. | ||
| 500 | _aTranslated from the original Portuguese manuscript, 1968 | ||
| 650 | _aEducation | ||
| 650 | _aPhilosophy | ||
| 942 |
_2lcc _cBK _hLB 880 _i FRE _kLB |
||